Управленческий учет и аудит: электронный курс
| Hlavní autor: | |
|---|---|
| Korporativní autor: | |
| Shrnutí: | Заглавие с экрана Задачами преподавания дисциплины является изучение магистрантами теоретических основ и приобретение практических навыков управленческого учёта и аудита на предприятиях нефтяной и газовой промышленности. Особое внимание уделяется особенностям функционирования предприятий геологоразведочной отрасли, корпоративной политике, ценовой политике, способам организации сбыта товаров и услуг. В результате освоения дисциплины магистрант будет: знать: методы научного познания, информационных технологий, методологии системного анализа и процесса принятия решения, основы теоретических подходов к командообразованию; уметь: работать с первоисточниками научной информации и выполнять исследовательский поиск, анализировать, систематизировать, обобщать, оценивать, интерпретировать и представлять полученную информацию, моделировать бизнес-процессы на предприятии, организации, принимать управленческие решения, связанные с эффективным использованием человеческих, материальных и финансовых ресурсов, использовать методы оптимизации производственного процесса; владеть (методами, приёмами): работы с литературными источниками и Интернет-сайтами с использованием специализированных баз данных, компьютерной грамотностью и использования специализированного программного обеспечения для выполнения профессиональных задач, соответствующими программными продуктами (ERP system), навыками оценки последствий и рисков при принятии решения, убеждения и руководства при решении конкретных профессиональных задач. Доступ по логину и паролю |
| Jazyk: | ruština |
| Vydáno: |
Томск, TPU Moodle, 2017
|
| Témata: | |
| On-line přístup: | https://design.lms.tpu.ru/course/view.php?id=1855 |
| Médium: | MixedMaterials Elektronický zdroj Kniha |
| KOHA link: | https://koha.lib.tpu.ru/cgi-bin/koha/opac-detail.pl?biblionumber=666962 |
MARC
| LEADER | 00000nlm0a2200000 4500 | ||
|---|---|---|---|
| 001 | 666962 | ||
| 005 | 20231102030901.0 | ||
| 035 | |a (RuTPU)RU\TPU\network\38166 | ||
| 035 | |a RU\TPU\network\17342 | ||
| 090 | |a 666962 | ||
| 100 | |a 20220208d2017 m y0rusy50 ca | ||
| 101 | 0 | |a rus | |
| 102 | |a RU | ||
| 105 | |a a j 000zy | ||
| 135 | |a jrcn ---uucaa | ||
| 181 | 0 | |a i | |
| 182 | 0 | |a b | |
| 200 | 1 | |a Управленческий учет и аудит |e электронный курс |f В. Б. Романюк |g Национальный исследовательский Томский политехнический университет (ТПУ), Институт природных ресурсов (ИПР), Кафедра экономики природных ресурсов (ЭПР) | |
| 203 | |a Текст |c электронный | ||
| 210 | |a Томск |c TPU Moodle |d 2017 | ||
| 230 | |a Электрон. дан. | ||
| 300 | |a Заглавие с экрана | ||
| 330 | |a Задачами преподавания дисциплины является изучение магистрантами теоретических основ и приобретение практических навыков управленческого учёта и аудита на предприятиях нефтяной и газовой промышленности. Особое внимание уделяется особенностям функционирования предприятий геологоразведочной отрасли, корпоративной политике, ценовой политике, способам организации сбыта товаров и услуг. В результате освоения дисциплины магистрант будет: знать: методы научного познания, информационных технологий, методологии системного анализа и процесса принятия решения, основы теоретических подходов к командообразованию; уметь: работать с первоисточниками научной информации и выполнять исследовательский поиск, анализировать, систематизировать, обобщать, оценивать, интерпретировать и представлять полученную информацию, моделировать бизнес-процессы на предприятии, организации, принимать управленческие решения, связанные с эффективным использованием человеческих, материальных и финансовых ресурсов, использовать методы оптимизации производственного процесса; владеть (методами, приёмами): работы с литературными источниками и Интернет-сайтами с использованием специализированных баз данных, компьютерной грамотностью и использования специализированного программного обеспечения для выполнения профессиональных задач, соответствующими программными продуктами (ERP system), навыками оценки последствий и рисков при принятии решения, убеждения и руководства при решении конкретных профессиональных задач. | ||
| 333 | |a Доступ по логину и паролю | ||
| 606 | 1 | |a Управленческий учет |2 stltpush |3 (RuTPU)RU\TPU\subj\72673 |9 86082 | |
| 606 | 1 | |a Аудит |2 stltpush |3 (RuTPU)RU\TPU\subj\29811 |9 53071 | |
| 610 | 1 | |a электронный ресурс | |
| 610 | 1 | |a труды учёных ТПУ | |
| 610 | 1 | |a электронное обучение | |
| 610 | 1 | |a электронные курсы ТПУ | |
| 610 | 1 | |a электронные учебные пособия | |
| 610 | 1 | |a экономика | |
| 610 | 1 | |a рентабельность | |
| 610 | 1 | |a стратегия | |
| 675 | |a 657.22(075.8) |v 3 | ||
| 675 | |a 657.6(075.8) |v 3 | ||
| 700 | 1 | |a Романюк |b В. Б. |c экономист |c старший преподаватель Томского политехнического университета |f 1964- |g Вера Борисовна |2 stltpush |3 (RuTPU)RU\TPU\pers\26223 | |
| 712 | 0 | 2 | |a Национальный исследовательский Томский политехнический университет (ТПУ) |b Институт природных ресурсов (ИПР) |b Кафедра экономики природных ресурсов (ЭПР) |h 3659 |2 stltpush |3 (RuTPU)RU\TPU\col\18668 |
| 801 | 2 | |a RU |b 63413507 |c 20220714 |g RCR | |
| 856 | 4 | |u https://design.lms.tpu.ru/course/view.php?id=1855 | |
| 942 | |c CF | ||